000 00669nam a2200253Ia 4500
005 20260306145515.0
008 008 260114s9999 xx 000 0 eng d
020 _a9781442623231
037 _aEbook
040 _aCRL
040 _beng
040 _cCRL
041 _2eng
041 _aeng
084 _qCRL
100 _aLonergan, BernardTyrrell, Bernard / Ryan, William
_91123936
245 2 _aA Second Collection: Papers by Bernard J.F. Lonergan, S.J.
260 _bUniversity of Toronto Press
260 _c1996
650 _aPhilosophy
856 _uhttps://www.degruyter.com/isbn/9781442623231
942 _cEBOOK
999 _c1688776
_d1688776